000 00691nam a2200241 u 4500
005 20240831063805.0
008 150605s2004 es r 000 0 spa d
020 _a842413186X
035 _aUPN01000204106
049 _aI
050 4 _aPQ6663 O5.74
_bD4.6 2004
100 1 _aMonreal, Violeta,
_d1963-
_929361
245 1 1 _a¿De qué tienes miedo? /
_cVioleta Monreal.
250 _a8a ed.
260 _aLeón, Esp. :
_bEverest,
_c2004.
300 _a35 p. :
_bil. col.
440 0 _aMontaña encantada.
_pPrimeros lectores
650 4 _aCuentos infantiles españoles
_97725
650 4 _aMIEDOS INFANTILES
_96668
905 _aInfantil
999 _c176207
_d176207